Direito administrativo : (Record no. 405)

MARC details
000 -LÍDER
Campo Fixo de Controle 00774nam a2200253 a 4500
001 - NÚMERO DE CONTROLE
Campo de Controle 405
003 - IDENTIFICAÇÃO DO NÚMERO DE CONTROLE
Campo de Controle BR-CuiBMT
005 - DATA E HORA DA ÚLTIMA ATUALIZAÇÃO
Campo de Controle 20231106220152.0
008 - DADOS FIXOS
Dados Fixos 231101s2009 spba 001 0 por d
020 ## - INTERNATIONAL STANDARD BOOK NUMBER
Nº do ISBN 9788577890217
040 ## - AGÊNCIA CATALOGADORA
Código da Agência Catalogadora BR-CuiBMT
Agência que transcreveu o registro BR-CuiBMT
080 ## - Nº DA CLASSIFICAÇÃO DECIMAL UNIVERSAL
Nº Class. CDU 35.077
Nº edição CDU 2007
090 ## - NÚMERO DE CHAMADA
Nº classificação 35.077
Cutter N824d
100 1# - ENTRADA PRINCIPAL -- AUTOR PESSOAL
Nome pessoal Norbim, Luciano Dalvi,
Datas associadas ao nome 1980-
245 0# - TÍTULO PRINCIPAL
Título principal Direito administrativo :
Subtítulo doutrina e prática /
Indicação de responsabilidade Luciano Dalvi Norbim.
260 ## - PUBLICAÇÃO, DISTRIBUIÇÃO, ETC.
Local de publicação Leme :
Editora J. H. Mizuno,
Data 2009.
300 ## - DESCRIÇÃO FÍSICA
N. páginas ou volumes 519 p. :
Ilustrações il. ;
Dimensões 24 cm
500 ## - NOTAS GERAIS
Notas gerais Subtítulo retirado da capa.
504 ## - NOTA DE BIBLIOGRAFIA, ETC.
Nota de bibliografia Inclui bibliografia e índice.
650 ## - ASSUNTO TÓPICO
Cabeçalho tópico ou nome geográfico Direito administrativo
650 ## - ASSUNTO TÓPICO
Cabeçalho tópico ou nome geográfico Controle da administração pública
650 ## - ASSUNTO TÓPICO
Cabeçalho tópico ou nome geográfico Administração pública
Subdivisão geral Direito
942 ## - ELEMENTOS DE ENTRADA ADICIONAIS (KOHA)
Fonte de classificação ou esquema de arquivamento Classificação Decimal Universal
Tipo de item do Koha Livros
Holdings
Estado: removido Estado: perdido Fonte de classificação ou esquema de arquivamento Estado: danificado Indisponível para empréstimo Localização permanente Localização atual Data de aquisição Total Checkouts Número de Chamada completo Código de barras Date last seen Número do exemplar Preço efetivo a partir de Tipo de item (Koha)
    Classificação Decimal Universal     Biblioteca da Escola Superior de Contas do TCE/MT Biblioteca da Escola Superior de Contas do TCE/MT 17/10/2018   35.077 N824d BIBTCEMT23110126 04/11/2023 Ex. 1 04/11/2023 Livros

Powered by Koha